Modelo Denver de atención temprana para niños pequeños con autismo. Estimulación del lenguaje, el aprendizaje y la motivación social
Salvato in:
| Autore principale: | |
|---|---|
| Altri autori: | , |
| Natura: | Libro |
| Lingua: | inglese |
| Pubblicazione: |
Ávila, España:
Autismo Ávila,
2017
|
| Edizione: | Segunda edición en Español |
| Soggetti: | |
| Tags: |
Aggiungi Tag
Nessun Tag, puoi essere il primo ad aggiungerne!!
|
MARC
| LEADER | 00000nam a22000007a 4500 | ||
|---|---|---|---|
| 003 | CL-VaPUC | ||
| 005 | 20240725120539.0 | ||
| 008 | 220419b2017 ||||| |||| 00| 0 eng d | ||
| 999 | |c 435433 |d 435431 | ||
| 020 | |a 978-84-940322-2-6 | ||
| 040 | |c Pontificia Universidad Católica de Valparaíso | ||
| 082 | 7 | |a 618.9285882 ROG 2017 |2 22 | |
| 100 | 1 | |a Rogers, Sally J. |e autora |9 868579 | |
| 245 | |a Modelo Denver de atención temprana para niños pequeños con autismo. |b Estimulación del lenguaje, el aprendizaje y la motivación social | ||
| 250 | |a Segunda edición en Español | ||
| 260 | |a Ávila, España: |b Autismo Ávila, |c 2017 | ||
| 300 | |a 493 páginas | ||
| 500 | |a C1. Donación carrera Educación Especial EDI, adquirido a través de Fondos concursables. | ||
| 583 | |c 20220419 |k Catalogador Asistente | ||
| 650 | |a Autismo en niños |x Tratamiento |9 870718 | ||
| 650 | |a Niños autistas |x Modificación de la conducta |9 870719 | ||
| 650 | |a Niños autistas |x Medios de comunicación |9 870720 | ||
| 700 | |a Dawson, Geraldine |e autora |9 868580 | ||
| 700 | |a Hoyos Seijo, Isabel |e traducción |9 868581 | ||
| 942 | |2 ddc |c BK | ||
| 952 | |0 0 |1 0 |2 ddc |4 0 |6 618_928588200000000_ROG_2017 |7 0 |8 R |9 582657 |a BIBEDU |b BIBEDU |c MCIRC |d 2022-04-19 |e Donación |i 5650804 |o 618.9285882 ROG 2017 |p 5650804 |r 2023-01-13 |t 1 |w 2022-04-19 |y BK |k EDI | ||